LEADER 00812nam0-2200277 --450 001 9910552401103321 005 20220525144008.0 010 $a9780199587049$bhardback 100 $a20220329d2011----km y0itay50 ba 101 0 $aeng 102 $aGB 105 $aa 001yy 200 1 $aRevolutions that made the Earth$fTim Lenton and Andrew Watson 210 $aOxford$cOxford University Press$dc2011 215 $axii, 423 p.$cill.$d24 cm 610 0 $aScienze della terra 676 $a550$v22$zita 700 1$aLenton,$bTim$01162253 701 1$aWatson,$bAndrew J.$01024382 801 0$aIT$bUNINA$gREICAT$2UNIMARC 901 $aBK 912 $a9910552401103321 952 $a550-LEN-1$bINV. INT. 2022/025$fSC1 959 $aSC1 996 $aRevolutions that made the Earth$92804179 997 $aUNINA